Entry Nombre personal
001 - NÚMERO DE CONTROL
- campo de control: 238639
003 - IDENTIFICADOR DE NÚMERO DE CONTROL
- campo de control: SpMaBN
005 - FECHA Y HORA DE LA ÚLTIMA TRANSACCIÓN
- campo de control: 20240828141321.0
008 - ELEMENTOS DE DATO DE LONGITUD-FIJA
- campo de control de longitud fija: 210927n| azznnaabn |a aaa
024 7# - IDENTIFICADOR DE OTROS ESTÁNDARES
- Número estándar o código: http://viaf.org/viaf/5164476123525912013/
- Fuente: viaf
040 ## - FUENTE DE CATALOGACIÓN
- Centro catalogador/agencia de origen: SpMaBN
- Lengua de catalogación: spa
- Centro/agencia transcriptor: SpMaBN
- Normas de descripción: rdc
- Convención/Normas de encabezamiento de materia/tesauro: embne
046 ## - FECHAS CON CODIFICACIÓN ESPECIAL
- Fecha de nacimiento: 1969
100 1# - ENCABEZAMIENTO-NOMBRE DE PERSONA
- Nombre de persona: Vázquez Lozano, Gustavo,
- Fechas asociadas al nombre: 1969-
370 ## - LUGAR ASOCIADO
- Lugar de nacimiento: México, Aguascalientes (Estado), Aguascalientes
374 ## - OCUPACIÓN
- Ocupación: Escritores
- Fuente del término: embne
375 ## - GÉNERO/SEXO
- Género: Masculino
377 ## - IDIOMA ASOCIADO
- Término de lengua/lenguaje: Español
400 1# - TRAZADO DE VÉASE--NOMBRE DE PERSONA
- Nombre de persona: Vázquez, Gustavo
- Fechas asociadas al nombre: 1969-
400 1# - TRAZADO DE VÉASE--NOMBRE DE PERSONA
- Nombre de persona: Vázquez Lozano, Gustavo A.
- Fechas asociadas al nombre: 1969-
670 ## - FUENTE DE DATOS ENCONTRADOS
- Cita de la fuente: ¿Por que nos gusta tanto el sexo?, 2021
- Información encontrada: (Gustavo Vázquez Lozano)
670 ## - FUENTE DE DATOS ENCONTRADOS
- Cita de la fuente: 60 años de soledad, 2019
- Información encontrada: (Gustavo Vázquez)
670 ## - FUENTE DE DATOS ENCONTRADOS
- Cita de la fuente: WWW Penguin Libros, 8-3-2022
- Información encontrada: (Gustavo Vázquez; Gustavo Vázquez Lozano; nacido en 1969 en Aguascalientes, México; escritor, traductor y maestro de escritura creativa; ha publicado más de treinta libros, especialmente de género histórico y biográfico)
- Identificador Uniforme de Recursos: https://www.penguinlibros.com/es/175807-gustavo-vazquez
670 ## - FUENTE DE DATOS ENCONTRADOS
- Cita de la fuente: WWW LC auth. 8-3-2022
- Información encontrada: (Vázquez Lozano, Gustavo A.; nacido en Aguascalientes)
- Identificador Uniforme de Recursos: http://id.loc.gov/authorities/names/no00010517
954 ## - CATALOGADOR -ALTA REGISTRO
- Nombre del catalogador: Inmaculada Vicente Garcia
